Blanco y negro : revista ilustrada revista ilustrada
Descripción Física:
1 volum, [102] pàgines : periodicitat setmanal, il·lustracions en blanc i negre ; 25 x 18 cm
Idioma:
Catalán , Español
MARC
| LEADER | 00000nas a2200000 a 4500 | ||
|---|---|---|---|
| 001 | 29249 | ||
| 003 | AGDB | ||
| 005 | 20260324181545.0 | ||
| 008 | 260119b spa||||| |||| 00| 0 cat d | ||
| 017 | |a M 12-1958 | ||
| 022 | |a 0006-4572 | ||
| 040 | |a agdb |b cat | ||
| 041 | |a spa | ||
| 245 | |a Blanco y negro : |b revista ilustrada | ||
| 260 | |a Madrid : |b Prensa Española, |c 1925 | ||
| 300 | |a 1 volum, [102] pàgines : |b periodicitat setmanal, il·lustracions en blanc i negre ; |c 25 x 18 cm | ||
| 500 | |a Prové del fons Joan Junyer i Pascual (1909-1994) | ||
| 650 | |a Fons Joan Junyer i Pascual (1909-1994) |9 72777 | ||
| 655 | 0 | |a Revistes |9 55823 | |
| 773 | |g Blanco y negro : revista ilustrada, 1891-2000 | ||
| 856 | |u https://www.abc.es/archivo/periodicos/blanco-negro/?ref=https%3A%2F%2Fwww.abc.es%2Farchivo%2Fperiodicos%2Fblanco-negro%2F |y Accés lliure (Archivo ABC) | ||
| 866 | |a Año 35, num. 1805 (diciembre 1925) | ||
| 942 | |2 udc |c ARXIU |n 1 | ||
| 952 | |0 0 |1 0 |2 udc |4 0 |6 F504380 |7 1 |9 98978 |a Arxiu |b Arxiu |d 2026-01-19 |h 1925 (núm. 1805) |l 0 |o F-504-380 |p 29249 |r 2026-01-19 12:59:10 |w 2026-01-19 |y ARXIU |z Exemplar en mal estat de conservació | ||
| 999 | |c 130646 |d 130646 | ||